[Event "Durres op"]
[Site "Durres"]
[Date "2013.05.04"]
[Round "1"]
[White "Dizdarevic, Emir"]
[Black "Limanaj, Osman"]
[Result "1-0"]
[WhiteElo "2511"]
[BlackElo "1836"]
[PlyCount "47"]
[EventDate "2013.05.04"]
[EventType "swiss"]
[EventRounds "9"]
[EventCountry "ALB"]
[SourceTitle "EXT 2016"]
[Source "ChessBase"]
[SourceDate "2015.10.08"]
[SourceVersion "1"]
[SourceVersionDate "2015.10.08"]
[SourceQuality "1"]

1. Nf3 Nf6 2. g3 d5 3. Bg2 c5 4. 0-0 Nc6 5. d4 cxd4 6. Nxd4 e5 7. Nxc6 bxc6 8. c4 Be7 9. Nc3 Be6 10. Bg5 e4 11. Qa4 0-0 12. Rad1 Qb6 13. cxd5 cxd5 14. Bxf6 Bxf6 15. Nxd5 Bxd5 16. Rxd5 Qxb2 17. e3 Rfb8 18. Ra5 Qb4 19. Bxe4 Bc3 20. Qxb4 Bxb4 21. Ra6 Re8 22. Bxa8 Rxa8 23. Rc1 f5 24. Rc7 1-0